Países vencedores do Eurovision - Statistics

Estatísticas Gerais
  • Esse quiz foi jogado 49 vezes
  • A pontuação média é 23 de 27
Estatísticas das Respostas
Resposta % Correto
Espanha
98%
Itália
98%
Noruega
98%
Portugal
98%
Suécia
98%
Alemanha
95%
França
95%
Áustria
93%
Bélgica
93%
Reino Unido
93%
Suíça
93%
Finlândia
90%
Rússia
90%
Dinamarca
88%
Grécia
88%
Irlanda
88%
Países Baixos
88%
Letônia
86%
Ucrânia
86%
Estônia
83%
Luxemburgo
81%
Israel
79%
Sérvia
79%
Turquia
76%
Mônaco
64%
Azerbaijão
62%
Iugoslávia
31%
Nenhum quiz correspondente encontrado
Distribuição das Pontuações
Porcentagem de Pessoas com Cada Pontuação
Percentil de Números Respondidos
Sua Pontuação Histórica
Você não jogou esse quiz